• 首页
  • 本馆介绍
  • 公告通知
  • 最新文献
  • 馆藏检索
  • 电子资源
  • 读者导购
  • 参考咨询
  • 我的图书馆
  • 登录
  • 详细信息显示
  • 放入我的书架
  • 预约/预借图书
  • 作者相关作品
  • 分类相关作品
  • 丛书相关作品
  • 出版社相关作品

书目信息

  • 表格格式
  • 工作单格式
  • 卡片格式
题名:
基因工程原理与技术
    
 
作者: 王傲雪 主编
分册:  
出版信息: 北京   高等教育出版社  2019重印
页数: 314页
开本: 28cm
丛书名: iCourse·教材
单 册:
中图分类: Q78
科图分类:
主题词: 基因工程--ji yin gong cheng--教材
电子资源:
ISBN: 978-7-04-043457-6
000 01079nam 2200289 45
001 012001002398
005 20140101082527.0
010    @a978-7-04-043457-6@dCNY42.00
099    @aCAL 012016019085
100    @a20151214d2015 em y0chiy50 ea
101 0  @achi
102    @aCN@b110000
105    @aak a 000yy
106    @ar
200 1  @a基因工程原理与技术@Aji yin gong cheng yuan li yu ji shu@d= Principles and technology of gene engineering@f主编王傲雪@zeng
210    @a北京@c高等教育出版社@d2019重印
215    @a314页@c图@d28cm
225 2  @aiCourse·教材@AiCourse· jiao cai@i生物技术与生物工程系列
320    @a有书目 (第312-314页)
330    @a本书以基因工程的原理和技术为主线,重点介绍和分析了基因工程的基本理论、技术、方法及应用,兼顾该学科的新进展。
410  0 @12001 @aiCourse·教材@i生物技术与生物工程系列
510 1  @aPrinciples and technology of gene engineering@zeng
606 0  @a基因工程@Aji yin gong cheng@j教材
690    @aQ78@v5
701  0 @a王傲雪@Awang ao xue@4主编
801  0 @aCN@b北京卓展@c20191020
905    @b1203301-4@dQ78@e240@f4
    
    基因工程原理与技术= Principles and technology of gene engineering/主编王傲雪.-北京:高等教育出版社,2019重印
    314页:图;28cm.-(iCourse·教材.生物技术与生物工程系列)
    
    
    ISBN 978-7-04-043457-6:CNY42.00
    本书以基因工程的原理和技术为主线,重点介绍和分析了基因工程的基本理论、技术、方法及应用,兼顾该学科的新进展。
●
相关链接 在E读中查询图书 在五车中查询图书 在当当中查询图书 在豆瓣中查询图书


正题名:基因工程原理与技术     索取号:Q78/240         预约/预借

序号 登录号 条形码 馆藏地/架位号 状态 备注
1 1203301   212033011   第二样本阅览室/ [索取号:Q78/240] 在馆    
2 1203302   212033020   第三借阅区/ [索取号:Q78/240] 在馆    
3 1203303   212033039   第三借阅区/ [索取号:Q78/240] 在馆    
4 1203304   212033048   第三借阅区/ [索取号:Q78/240] 在馆    
唐山师范学院图书馆 欢迎您!
大连网信软件有限公司© 版权所有